[Event "Udaipur Lakecity blitz op 1st"]
[Site "Udaipur"]
[Date "2019.09.16"]
[Round "1"]
[White "Patel Suyogkumar, M."]
[Black "Vlassov, Nikolai"]
[Result "0-1"]
[WhiteElo "1486"]
[BlackElo "2398"]
[PlyCount "72"]
[EventDate "2019.09.16"]
[EventType "swiss (blitz)"]
[EventRounds "9"]
[EventCountry "IND"]
[SourceTitle "EXT 2020"]
[Source "ChessBase"]
[SourceDate "2019.10.17"]
[SourceVersion "1"]
[SourceVersionDate "2019.10.17"]
[SourceQuality "1"]

1. e4 c5 2. Nc3 g6 3. g3 Bg7 4. Bg2 Nc6 5. d3 Rb8 6. Be3 d6 7. Qd2 b5 8. Rb1 b4 9. Nce2 Qa5 10. Nf3 Qxa2 11. 0-0 Bxb2 12. Nh4 Bg7 13. f4 Nh6 14. h3 Bd7 15. f5 Ng8 16. fxg6 hxg6 17. Kh2 a5 18. Bg5 a4 19. Qf4 Be5 20. Qxf7+ Qxf7 21. Rxf7 Kxf7 22. Rf1+ Kg7 23. Nf4 Bxf4 24. Rxf4 a3 25. Rf1 a2 26. Ra1 Ra8 27. Bc1 Nd4 28. Bb2 e5 29. c3 bxc3 30. Bxc3 Nb3 31. Rf1 a1Q 32. Bxa1 Rxa1 33. Nf3 Bxh3 34. Bxh3 Rxf1 35. Kg2 Rxf3 36. Kxf3 Rxh3 0-1